Online Catalogue and eLibrary

Shanth Akka (Record no. 6016)

MARC details
000 -LEADER
fixed length control field 00424nam a22001457a 4500
005 - DATE AND TIME OF LATEST TRANSACTION
control field 20250408063615.0
008 - FIXED-LENGTH DATA ELEMENTS--GENERAL INFORMATION
fixed length control field 250408b |||||||| |||| 00| 0 eng d
082 ## - DDC Classification
DDC Edition Number 22
Class No. 080
Item Number - Author Mark SHA
100 ## - MAIN ENTRY--PERSONAL NAME
Personal name Democratic Socialist Republic of Sri Lanka
245 ## - TITLE STATEMENT
Title Shanth Akka
260 ## - PUBLICATION, DISTRIBUTION, ETC.
Place of publication, distribution, etc. Sri Lanka
Name of publisher, distributor, etc. Democratic Socialist Republic of Sri Lanka
Date of publication, distribution, etc. 2015
300 ## - PHYSICAL DESCRIPTION
Extent (e.g. Volumes, Pages etc.) 122 p .,
500 ## - GENERAL NOTE
General note Memory book of Shanthi Sachithanandam
942 ## - Koha item type (Biblio)
Koha item type Books in Stacks (Lending)

No items available.

© WERC Library